Statistics for French Polynesia Quiz

Click here to take the quiz!

General Stats

  • This quiz has been taken 69 times
    (57 since last reset)
  • The average score is 18 of 39

Answer Stats

Hint Answer % Correct
Main islandTahiti
87%
CurrencyCFP Franc
84%
Official languageFrench
79%
Which country owns it?France
76%
In which ocean is it located?Pacific Ocean
76%
How many international airports?1
74%
Nearest CountriesSamoa
68%
Kiribati
68%
Tonga
63%
Capital cityPapeete
63%
Island with luxury resortsBora Bora
63%
Three major ethnic groupsPolynesians
61%
Who arrived 1769?James Cook
55%
Name the 5 major archipelagosAustral Islands
53%
Society Islands
50%
Well-known island near ^Moorea
47%
Famous painter died herePaul Gauguin
45%
Marquesas
39%
PresidentEmmanuel Macron
37%
Destinations outside French PolynesiaLos Angeles
34%
Paris
32%
Auckland
29%
Tokyo
29%
Internet domain.pf
29%
Santiago
29%
The territory's name in ^Polynésie Française
29%
Tuamotu
29%
Gambier Islands
26%
First explorer who saw the islandsFerdinand Magellan
24%
Chinese
24%
Three biggest citiesFaaa
24%
National anthem (name one)La Marseillaise or Ia Ora 'O Tahiti Nui
24%
Easter Island
21%
Honolulu
18%
Punaauia
16%
Polynesian traditional sportVa'a
13%
Nouméa
5%

Score Distribution

Percentile by Number Answered

Percent of People with Each Score

Your Score History

You have not taken this quiz since the last reset